000 00513cam a22001457a 4500
008 180718b1961 xxu||||| |||| 00| 0 eng d
082 _aF8x42 T722
100 _aTrenaman, Joseph
245 _aTelevision and the political image: a study of the impact of television on the 1959 general election
_cby Joseph Trenaman and Denis McQuail
260 _aLondon
_bMethuen
_c1961
300 _a287p
650 _aTelevision in politics
650 _aGreat Britain. Parliament --Elections, 1959
700 _aMcQuail, Denis
999 _c426611
_d426611